00396nam a22001337a 450000500170000000800410001704100130005808200150007110000290008624500440011526000530015930000240021265000260023620231116124307.0231116b |||||||| |||| 00| 0 eng d aEnglish  a343.9 KRE  aKreindler, LS lEnglish  aAviation Accident Law / cLS Kreindler  aNew York : bMatthew Bender and Company, c1980  c26 cm. e3 Volumes  aLegal practice bLaw